=LDR 00000nam 2200000 4500 =001 INLIS000000000026751 =005 20200505103258 =035 ##$$a 0010-061300000026751 =008 200505################g##########0#ind## =041 ##$$a ind =082 ##$$a 2x4.156 =090 ##$$a 2x4.156 Gha k =100 1#$$a Chani, Muhammad Ilyas Abdul =245 1#$$a Keutamaan dan sejarah kota Mekkah dan Medinah /$c Dr. Muhammad Ilyas Abdul Chani, Abdul Muhsin Al-Badr =260 ##$$a Jakarta :$b AkBar,$c 2005 =300 ##$$a x, 227 hlm., : $b ilus., ; $c 21 x 14 cm. =650 #4$$a Mekkah, Sejarah =850 ##$$a NBPNMAT =020 ##$$a 979-9533-51-1 =084 ##$$a 2x4.156 GHA k =710 1#$$a Albadr, Abdul Muhsin =250 ##$$a Cet. 2 =990 ##$$a 20702642 =990 ##$$a 20702633 =990 ##$$a 20702640 =990 ##$$a 20702634 =990 ##$$a 20702641 =990 ##$$a 20702634 =990 ##$$a 20702642 =990 ##$$a 20702633 =990 ##$$a 20702640 =990 ##$$a 20702641 =990 ##$$a 20702633 =990 ##$$a 20702642 =990 ##$$a 20702640 =990 ##$$a 20702634 =990 ##$$a 20702641